[Event "C10"]
[Site "?"]
[Date "2020.08.30"]
[Round "3.8"]
[White "Dobrowolski, Kamil"]
[Black "Krogulski, Maksymilian"]
[Result "0-1"]
[BlackElo "1289"]
[WhiteElo "1140"]
[LiveChessVersion "1.4.8"]

1. e4 {[%clk 0:03:03]} c5 {[%clk 0:03:04]} 2. c3 {[%clk 0:03:04]} e6
{[%clk 0:03:06]} 3. d4 {[%clk 0:03:05]} cxd4 {[%clk 0:03:06]} 4. cxd4
{[%clk 0:03:06]} Nf6 {[%clk 0:03:07]} 5. Nc3 {[%clk 0:03:06]} Be7
{[%clk 0:03:08]} 6. e5 {[%clk 0:03:05]} Nd5 {[%clk 0:03:04]} 7. Nxd5
{[%clk 0:03:05]} exd5 {[%clk 0:03:05]} 8. Nf3 {[%clk 0:03:05]} O-O
{[%clk 0:03:03]} 9. Bd3 {[%clk 0:03:04]} Re8 {[%clk 0:03:01]} 10. O-O
{[%clk 0:03:04]} Bf8 {[%clk 0:02:57]} 11. Bg5 {[%clk 0:02:58]} Be7
{[%clk 0:02:57]} 12. Bxe7 {[%clk 0:02:57]} Qxe7 {[%clk 0:02:58]} 13. Rc1
{[%clk 0:02:53]} Nc6 {[%clk 0:02:58]} 14. Qc2 {[%clk 0:02:50]} h6
{[%clk 0:02:56]} 15. Rfe1 {[%clk 0:02:47]} Nb4 {[%clk 0:02:53]} 16. Qb3
{[%clk 0:02:41]} Nxd3 {[%clk 0:02:31]} 17. Qxd3 {[%clk 0:02:42]} b6
{[%clk 0:02:30]} 18. h3 {[%clk 0:02:20]} Bb7 {[%clk 0:02:31]} 19. Rc7
{[%clk 0:02:15]} Bc6 {[%clk 0:02:32]} 20. Rc1 {[%clk 0:02:08]} Qb4
{[%clk 0:02:20]} 21. Qc3 {[%clk 0:02:01]} Qe7 {[%clk 0:02:04]} 22. b4
{[%clk 0:01:53]} Qd8 {[%clk 0:01:53]} 23. Rxc6 {[%clk 0:01:43]} dxc6
{[%clk 0:01:53]} 24. Qxc6 {[%clk 0:01:41]} Rc8 {[%clk 0:01:50]} 25. Qxc8
{[%clk 0:01:28]} Qxc8 {[%clk 0:01:51]} 26. Rxc8 {[%clk 0:01:28]} Rxc8
{[%clk 0:01:53]} 27. Kf1 {[%clk 0:01:17]} Rc1+ {[%clk 0:01:51]} 28. Ke2
{[%clk 0:01:15]} Rc2+ {[%clk 0:01:51]} 29. Ke3 {[%clk 0:01:13]} Rxa2
{[%clk 0:01:52]} 30. Nh4 {[%clk 0:01:00]} g6 {[%clk 0:01:50]} 31. Nf3
{[%clk 0:01:00]} Rb2 {[%clk 0:01:47]} 32. Kd3 {[%clk 0:00:46]} Rxb4
{[%clk 0:01:47]} 33. Kc3 {[%clk 0:00:47]} Rc4+ {[%clk 0:01:48]} 34. Kb3
{[%clk 0:00:42]} a5 {[%clk 0:01:43]} 35. Nd2 {[%clk 0:00:34]} Rxd4
{[%clk 0:01:40]} 36. Kc3 {[%clk 0:00:32]} Rf4 {[%clk 0:01:31]} 37. f3
{[%clk 0:00:21]} Ra4 {[%clk 0:01:32]} 38. Kb3 {[%clk 0:00:18]} Rb4+
{[%clk 0:01:33]} 39. Kc2 {[%clk 0:00:14]} Kf8 {[%clk 0:01:28]} 40. Nb3
{[%clk 0:00:14]} a4 {[%clk 0:01:26]} 41. Nd2 {[%clk 0:00:11]} a3 {[%clk 0:01:28]}
42. Kc3 {[%clk 0:00:11]} Rb5 {[%clk 0:01:20]} 43. Nb3 {[%clk 0:00:09]} d4+
{[%clk 0:01:10]} 44. Nxd4 {[%clk 0:00:03]} Rxe5 {[%clk 0:01:08]} 45. Nb3
{[%clk 0:00:03]} a2 {[%clk 0:01:07]} 46. Kb2 {[%clk 0:00:04]} Re2+
{[%clk 0:01:07]} 47. Ka1 {[%clk 0:00:05]} Rxg2 {[%clk 0:01:06]} 48. Nc1
{[%clk 0:00:04]} Rg3 {[%clk 0:01:06]} 49. Nxa2 {[%clk 0:00:05]} Rxf3 50. Nb4
{[%clk 0:00:06]} Rxh3 {[%clk 0:01:08]} 51. Nd5 {[%clk 0:00:06]} Rd3
{[%clk 0:01:08]} 52. Nxb6 {[%clk 0:00:06]} f5 {[%clk 0:01:09]} 53. Kb2
{[%clk 0:00:06]} f4 {[%clk 0:01:10]} 54. Nc4 {[%clk 0:00:06]} f3 {[%clk 0:01:12]}
55. Kc2 {[%clk 0:00:06]} Rd8 {[%clk 0:01:12]} 56. Ne3 {[%clk 0:00:07]} f2
{[%clk 0:01:13]} 57. Kc3 {[%clk 0:00:05]} g5 {[%clk 0:01:13]} 58. Kc4
{[%clk 0:00:03]} h5 {[%clk 0:01:13]} 59. Kc3 0-1

[Event "C10"]
[Site "?"]
[Date "2020.08.30"]
[Round "3.10"]
[White "Zmarzly, Wiktor"]
[Black "Lecki, Leonard"]
[Result "0-1"]
[BlackElo "1068"]
[WhiteElo "1253"]
[LiveChessVersion "1.4.8"]

1. c4 {[%clk 0:03:03]} e5 {[%clk 0:03:04]} 2. Nc3 {[%clk 0:03:04]} Nf6
{[%clk 0:03:04]} 3. g3 {[%clk 0:03:05]} d5 {[%clk 0:03:05]} 4. cxd5
{[%clk 0:03:06]} Nxd5 {[%clk 0:03:06]} 5. Bg2 {[%clk 0:03:07]} Nb6
{[%clk 0:03:07]} 6. Nf3 {[%clk 0:03:06]} Nc6 {[%clk 0:03:04]} 7. O-O
{[%clk 0:03:06]} Be7 {[%clk 0:03:01]} 8. d3 {[%clk 0:03:06]} O-O {[%clk 0:03:00]}
9. a3 {[%clk 0:03:06]} f6 {[%clk 0:02:47]} 10. b4 {[%clk 0:03:03]} a6
{[%clk 0:02:42]} 11. Nd2 {[%clk 0:02:48]} Be6 {[%clk 0:02:41]} 12. Nb3
{[%clk 0:02:47]} Bxb3 {[%clk 0:02:36]} 13. Qxb3+ {[%clk 0:02:47]} Kh8
{[%clk 0:02:36]} 14. Be3 {[%clk 0:02:42]} Rb8 {[%clk 0:02:30]} 15. Qb2
{[%clk 0:02:28]} Nd4 {[%clk 0:02:28]} 16. Rac1 {[%clk 0:02:18]} c6
{[%clk 0:02:29]} 17. Ne4 {[%clk 0:02:08]} Na4 {[%clk 0:02:19]} 18. Qa2
{[%clk 0:01:59]} Qd5 {[%clk 0:02:18]} 19. Qd2 {[%clk 0:01:18]} Nb3
{[%clk 0:02:14]} 20. Qc2 {[%clk 0:01:16]} Nxc1 {[%clk 0:02:10]} 21. Rxc1
{[%clk 0:01:16]} Qb5 {[%clk 0:01:52]} 22. Qb3 {[%clk 0:01:07]} a5
{[%clk 0:01:47]} 23. Bd2 {[%clk 0:00:59]} axb4 {[%clk 0:01:46]} 24. axb4
{[%clk 0:01:00]} Nb6 {[%clk 0:01:44]} 25. Nc3 {[%clk 0:00:58]} Qxb4
{[%clk 0:01:39]} 26. Qxb4 {[%clk 0:00:55]} Bxb4 {[%clk 0:01:40]} 27. Rb1
{[%clk 0:00:56]} Bxc3 {[%clk 0:01:40]} 28. Bxc3 {[%clk 0:00:57]} Nd5
{[%clk 0:01:40]} 29. Bd2 {[%clk 0:00:56]} Rfd8 {[%clk 0:01:38]} 30. Ba5
{[%clk 0:00:54]} Rd7 {[%clk 0:01:38]} 31. Bh3 {[%clk 0:00:55]} Re7
{[%clk 0:01:36]} 32. e4 {[%clk 0:00:53]} Nc7 {[%clk 0:01:34]} 33. Bb4
{[%clk 0:00:50]} Rf7 {[%clk 0:01:29]} 34. Bd6 {[%clk 0:00:50]} b6
{[%clk 0:01:20]} 35. Be6 {[%clk 0:00:46]} Nxe6 {[%clk 0:01:19]} 36. Bxb8
{[%clk 0:00:47]} Rb7 {[%clk 0:01:17]} 37. Bd6 {[%clk 0:00:48]} c5
{[%clk 0:01:14]} 38. Ra1 {[%clk 0:00:47]} Kg8 {[%clk 0:01:11]} 39. Ra8+
{[%clk 0:00:45]} Kf7 {[%clk 0:01:12]} 40. Rb8 {[%clk 0:00:45]} Rxb8
{[%clk 0:01:13]} 41. Bxb8 b5 {[%clk 0:01:06]} 42. Kf1 {[%clk 0:00:45]} c4
{[%clk 0:01:07]} 43. dxc4 {[%clk 0:00:44]} bxc4 {[%clk 0:01:08]} 44. Ke1
{[%clk 0:00:43]} Ke7 {[%clk 0:01:02]} 45. Ba7 {[%clk 0:00:43]} Kd7
{[%clk 0:00:58]} 46. Be3 {[%clk 0:00:43]} Nd4 {[%clk 0:00:56]} 47. Kd1
{[%clk 0:00:38]} Kc6 {[%clk 0:00:57]} 48. h4 {[%clk 0:00:36]} Kc5
{[%clk 0:00:58]} 49. Kd2 {[%clk 0:00:37]} Kb4 {[%clk 0:00:58]} 50. f4
{[%clk 0:00:36]} c3+ {[%clk 0:00:58]} 51. Kc1 {[%clk 0:00:36]} Kb3
{[%clk 0:00:50]} 52. fxe5 {[%clk 0:00:35]} fxe5 {[%clk 0:00:51]} 53. Bxd4
{[%clk 0:00:31]} exd4 {[%clk 0:00:52]} 54. e5 {[%clk 0:00:33]} c2
{[%clk 0:00:46]} 55. e6 {[%clk 0:00:33]} Kc3 {[%clk 0:00:47]} 56. e7
{[%clk 0:00:33]} d3 {[%clk 0:00:48]} 57. e8=Q {[%clk 0:00:32]} d2# 0-1

[Event "C10"]
[Site "?"]
[Date "2020.08.30"]
[Round "4.1"]
[White "Sowinski, Pawel"]
[Black "Karaszewski, Gabriel"]
[Result "1-0"]
[BlackElo "1247"]
[WhiteElo "1527"]
[LiveChessVersion "1.4.8"]

1. Nf3 {[%clk 0:03:04]} c5 {[%clk 0:03:04]} 2. g3 {[%clk 0:03:04]} Nc6
{[%clk 0:03:05]} 3. c4 {[%clk 0:03:05]} e6 {[%clk 0:03:02]} 4. Bg2
{[%clk 0:03:05]} Nf6 {[%clk 0:03:03]} 5. Nc3 {[%clk 0:03:06]} d5 {[%clk 0:03:05]}
6. cxd5 {[%clk 0:03:04]} exd5 {[%clk 0:03:06]} 7. d4 {[%clk 0:03:05]} cxd4
{[%clk 0:03:06]} 8. Nxd4 {[%clk 0:03:06]} Be6 {[%clk 0:03:03]} 9. O-O
{[%clk 0:03:03]} Bc5 {[%clk 0:02:59]} 10. Be3 {[%clk 0:02:53]} Nxd4
{[%clk 0:02:52]} 11. Bxd4 {[%clk 0:02:54]} Bxd4 {[%clk 0:02:53]} 12. Qxd4
{[%clk 0:02:54]} O-O {[%clk 0:02:52]} 13. Rfd1 {[%clk 0:02:48]} Re8
{[%clk 0:02:48]} 14. Rd2 {[%clk 0:01:57]} a6 {[%clk 0:02:32]} 15. Rad1
{[%clk 0:01:52]} h6 {[%clk 0:02:27]} 16. Kf1 {[%clk 0:01:34]} Rc8
{[%clk 0:02:19]} 17. Nxd5 {[%clk 0:01:30]} Nxd5 {[%clk 0:02:20]} 18. Bxd5
{[%clk 0:01:27]} Bxd5 {[%clk 0:02:21]} 19. Qxd5 {[%clk 0:01:28]} Qxd5
{[%clk 0:02:22]} 20. Rxd5 {[%clk 0:01:28]} Rc2 {[%clk 0:02:22]} 21. R1d2
{[%clk 0:01:16]} Rc1+ {[%clk 0:02:19]} 22. Kg2 {[%clk 0:01:17]} Re1
{[%clk 0:02:16]} 23. Kf3 {[%clk 0:01:15]} Kf8 {[%clk 0:02:09]} 24. Rd7
{[%clk 0:01:16]} b5 {[%clk 0:02:04]} 25. Ra7 {[%clk 0:01:15]} Rc1
{[%clk 0:01:36]} 26. Rdd7 {[%clk 0:01:12]} Rc6 {[%clk 0:01:10]} 27. Rxf7+
{[%clk 0:01:10]} Kg8 {[%clk 0:01:14]} 28. Rxg7+ {[%clk 0:01:12]} Kh8
{[%clk 0:01:14]} 29. Rgc7 {[%clk 0:01:10]} Rf6+ {[%clk 0:01:14]} 30. Kg2
{[%clk 0:01:10]} Ref8 {[%clk 0:01:08]} 31. f4 {[%clk 0:01:07]} Re8
{[%clk 0:01:09]} 32. Kf3 {[%clk 0:01:07]} Rfe6 {[%clk 0:01:10]} 33. Rc2
{[%clk 0:01:05]} Kg8 {[%clk 0:00:58]} 34. Rac7 {[%clk 0:01:04]} Kh8
{[%clk 0:00:57]} 35. Rc8 {[%clk 0:01:05]} Rxc8 36. Rxc8+ {[%clk 0:01:06]} Kg7
{[%clk 0:00:57]} 37. e4 {[%clk 0:01:06]} Kf6 {[%clk 0:00:57]} 38. e5+
{[%clk 0:01:06]} Kf5 {[%clk 0:00:57]} 39. g4+ {[%clk 0:01:07]} 1-0

[Event "C10"]
[Site "?"]
[Date "2020.08.30"]
[Round "4.2"]
[White "Krogulski, Maksymilian"]
[Black "Wojtacha, Krzysztof"]
[Result "0-1"]
[BlackElo "1445"]
[WhiteElo "1289"]
[LiveChessVersion "1.4.8"]

1. e4 {[%clk 0:03:03]} c5 {[%clk 0:03:03]} 2. Nf3 {[%clk 0:03:04]} e6
{[%clk 0:03:04]} 3. d4 {[%clk 0:03:03]} cxd4 {[%clk 0:03:05]} 4. Nxd4
{[%clk 0:03:03]} a6 {[%clk 0:03:06]} 5. Nc3 {[%clk 0:03:04]} Qc7 {[%clk 0:03:07]}
6. Be2 {[%clk 0:03:03]} Nf6 {[%clk 0:03:06]} 7. a3 {[%clk 0:03:02]} b5
{[%clk 0:02:52]} 8. Bf3 {[%clk 0:02:52]} Bb7 {[%clk 0:02:51]} 9. Qd3
{[%clk 0:02:30]} d6 {[%clk 0:02:49]} 10. O-O {[%clk 0:02:28]} Nbd7
{[%clk 0:02:48]} 11. Re1 {[%clk 0:02:27]} Ne5 {[%clk 0:02:44]} 12. Qd1
{[%clk 0:02:14]} Nxf3+ {[%clk 0:02:42]} 13. Qxf3 {[%clk 0:02:08]} Be7
{[%clk 0:02:41]} 14. Bd2 {[%clk 0:01:51]} O-O {[%clk 0:02:36]} 15. Rad1
{[%clk 0:01:35]} Rac8 {[%clk 0:02:27]} 16. b4 {[%clk 0:01:26]} Nd7
{[%clk 0:02:16]} 17. Re2 {[%clk 0:01:20]} Bf6 {[%clk 0:02:13]} 18. Qd3
{[%clk 0:01:15]} Ne5 {[%clk 0:02:12]} 19. Ncxb5 {[%clk 0:01:01]} Nxd3
{[%clk 0:01:54]} 20. Nxc7 {[%clk 0:01:02]} Rxc7 {[%clk 0:01:48]} 21. cxd3
{[%clk 0:00:44]} Bxd4 {[%clk 0:01:48]} 22. Kh1 {[%clk 0:00:43]} Rc2
{[%clk 0:01:45]} 23. Ree1 {[%clk 0:00:41]} Rfc8 {[%clk 0:01:42]} 24. Bf4
{[%clk 0:00:38]} e5 {[%clk 0:01:42]} 25. Be3 {[%clk 0:00:39]} Bxe3
{[%clk 0:01:40]} 26. fxe3 {[%clk 0:00:40]} Ra2 {[%clk 0:01:37]} 27. Ra1
{[%clk 0:00:40]} Rcc2 {[%clk 0:01:36]} 28. d4 {[%clk 0:00:28]} Bxe4
{[%clk 0:01:28]} 29. Rxa2 {[%clk 0:00:27]} Rxa2 {[%clk 0:01:26]} 30. Rc1
{[%clk 0:00:29]} Rc2 {[%clk 0:01:26]} 31. Rxc2 {[%clk 0:00:27]} Bxc2
{[%clk 0:01:26]} 32. dxe5 {[%clk 0:00:28]} dxe5 {[%clk 0:01:27]} 33. Kg1
{[%clk 0:00:28]} e4 {[%clk 0:01:25]} 34. Kf2 {[%clk 0:00:29]} f5 {[%clk 0:01:25]}
35. Kg3 {[%clk 0:00:30]} Kf7 {[%clk 0:01:24]} 36. Kf4 {[%clk 0:00:31]} Kf6
{[%clk 0:01:23]} 37. h4 {[%clk 0:00:32]} g6 {[%clk 0:01:24]} 38. Kg3
{[%clk 0:00:25]} g5 {[%clk 0:01:18]} 39. hxg5+ {[%clk 0:00:26]} Kxg5
{[%clk 0:01:18]} 40. Kf2 {[%clk 0:00:27]} Kg4 {[%clk 0:01:17]} 41. Ke1
{[%clk 0:00:28]} Kg3 {[%clk 0:01:15]} 42. Kd2 {[%clk 0:00:28]} Bd3
{[%clk 0:01:14]} 43. Kc3 {[%clk 0:00:30]} Kxg2 {[%clk 0:01:13]} 44. Kd4
{[%clk 0:00:31]} h5 {[%clk 0:01:11]} 45. Ke5 {[%clk 0:00:33]} h4 {[%clk 0:01:12]}
46. Kf4 {[%clk 0:00:33]} h3 {[%clk 0:01:11]} 47. Kxf5 {[%clk 0:00:34]} h2
{[%clk 0:01:11]} 48. Ke5 {[%clk 0:00:35]} h1=Q {[%clk 0:01:08]} 49. Kd5
{[%clk 0:00:36]} Qh5+ {[%clk 0:01:07]} 50. Kc6 {[%clk 0:00:37]} Bb5+
{[%clk 0:01:06]} 51. Kb6 {[%clk 0:00:37]} Bf1 {[%clk 0:01:02]} 52. a4
{[%clk 0:00:38]} Kf3 {[%clk 0:00:58]} 53. Kc6 {[%clk 0:00:35]} Kxe3
{[%clk 0:00:55]} 54. Kd6 {[%clk 0:00:35]} Kd4 {[%clk 0:00:54]} 55. Kc6
{[%clk 0:00:36]} Qh6+ {[%clk 0:00:54]} 56. Kb7 {[%clk 0:00:34]} Kd5
{[%clk 0:00:50]} 57. Kc7 {[%clk 0:00:32]} Qc6+ {[%clk 0:00:47]} 58. Kb8
{[%clk 0:00:30]} Qd7 {[%clk 0:00:44]} 59. b5 {[%clk 0:00:31]} axb5
{[%clk 0:00:39]} 60. a5 {[%clk 0:00:32]} b4 {[%clk 0:00:34]} 61. a6
{[%clk 0:00:33]} Bxa6 {[%clk 0:00:31]} 62. Ka8 {[%clk 0:00:32]} Qb7# 0-1

[Event "C10"]
[Site "?"]
[Date "2020.08.30"]
[Round "4.3"]
[White "Jasiulewicz, Kamil"]
[Black "Chomicki, Kornel"]
[Result "1/2-1/2"]
[BlackElo "1164"]
[WhiteElo "1381"]
[LiveChessVersion "1.4.8"]

1. d4 {[%clk 0:03:01]} d5 {[%clk 0:03:03]} 2. c4 {[%clk 0:03:02]} c6
{[%clk 0:03:04]} 3. Nf3 {[%clk 0:03:02]} Nf6 {[%clk 0:03:05]} 4. Nc3
{[%clk 0:03:02]} Bf5 {[%clk 0:02:56]} 5. Bf4 {[%clk 0:03:00]} e6 {[%clk 0:02:46]}
6. e3 {[%clk 0:02:50]} Nbd7 {[%clk 0:02:47]} 7. cxd5 {[%clk 0:02:42]} exd5
{[%clk 0:02:48]} 8. Be2 {[%clk 0:02:39]} Be7 {[%clk 0:02:48]} 9. O-O
{[%clk 0:02:37]} O-O {[%clk 0:02:47]} 10. Ne5 {[%clk 0:02:32]} Nxe5
{[%clk 0:02:40]} 11. Bxe5 {[%clk 0:02:31]} Nd7 {[%clk 0:02:36]} 12. Bf4
{[%clk 0:02:26]} Nf6 {[%clk 0:02:21]} 13. Be5 {[%clk 0:02:14]} Bd6
{[%clk 0:02:13]} 14. f4 {[%clk 0:02:09]} Re8 {[%clk 0:01:31]} 15. a3
{[%clk 0:01:58]} h6 {[%clk 0:01:13]} 16. Rc1 {[%clk 0:01:37]} Nh7
{[%clk 0:01:11]} 17. Bg4 {[%clk 0:01:19]} Bxg4 {[%clk 0:00:52]} 18. Qxg4
{[%clk 0:01:18]} f6 {[%clk 0:00:52]} 19. Bxd6 {[%clk 0:01:08]} Qxd6
{[%clk 0:00:52]} 20. Rf3 {[%clk 0:01:01]} Qe6 {[%clk 0:00:51]} 21. f5
{[%clk 0:00:56]} Qf7 {[%clk 0:00:42]} 22. h4 {[%clk 0:00:51]} Re7
{[%clk 0:00:35]} 23. Ne2 {[%clk 0:00:41]} Re4 {[%clk 0:00:35]} 24. Qh3
{[%clk 0:00:36]} Rae8 {[%clk 0:00:29]} 25. Nf4 {[%clk 0:00:35]} Nf8
{[%clk 0:00:26]} 26. Kf2 {[%clk 0:00:31]} Kh8 {[%clk 0:00:20]} 27. Re1
{[%clk 0:00:28]} R8e7 {[%clk 0:00:13]} 28. Re2 {[%clk 0:00:27]} Re8
{[%clk 0:00:14]} 29. g4 {[%clk 0:00:25]} Qe7 {[%clk 0:00:14]} 30. Qg3
{[%clk 0:00:19]} Kh7 {[%clk 0:00:10]} 31. Kg2 {[%clk 0:00:15]} Kg8
{[%clk 0:00:07]} 32. Kf2 {[%clk 0:00:15]} Kh7 {[%clk 0:00:08]} 33. Rc2
{[%clk 0:00:14]} Kg8 {[%clk 0:00:09]} 34. h5 {[%clk 0:00:12]} Kh7
{[%clk 0:00:09]} 35. Re2 {[%clk 0:00:10]} Kg8 {[%clk 0:00:10]} 36. Rd2
{[%clk 0:00:08]} Kh7 {[%clk 0:00:11]} 37. Re2 {[%clk 0:00:07]} Kg8
{[%clk 0:00:12]} 38. Qh3 {[%clk 0:00:07]} 1/2-1/2

[Event "C10"]
[Site "?"]
[Date "2020.08.30"]
[Round "4.4"]
[White "Lecki, Leonard"]
[Black "Majcher, Igor"]
[Result "1-0"]
[BlackElo "1365"]
[WhiteElo "1068"]
[LiveChessVersion "1.4.8"]

1. e4 c5 2. Nf3 d6 3. d4 cxd4 4. Qxd4 Nc6 5. Bb5 Qa5+ 6. Nc3 Bd7 7. Bxc6 Bxc6 8.
Bd2 Nf6 9. O-O-O Rc8 10. Kb1 a6 11. Nd5 Bxd5 12. Bxa5 Bxe4 13. Rd2 b5 14. Ne5 g6
15. f3 Bf5 16. g4 Be6 17. Re1 Bg7 18. Nd3 O-O 19. Nf2 Nxg4 20. Qf4 Nxf2 21. Rxf2
Bf5 22. Rxe7 Rc4 23. Qg3 Rfc8 24. Bc3 b4 25. Bxg7 Kxg7 26. Qg2 a5 27. b3 Rc3 28.
Kb2 d5 29. Rd2 d4 30. Qf2 d3 31. cxd3 Kf8 32. Ra7 Bxd3 33. Rd7 Bf5 34. R7d5 Rc1
35. Rxf5 gxf5 36. Qb6 R1c3 37. Qxa5 Rxf3 38. Qxb4+ Kg8 39. Rg2+ Kh8 40. Qd4+ f6
41. Qxf6# 1-0

[Event "C10"]
[Site "?"]
[Date "2020.08.30"]
[Round "4.5"]
[White "Boryna, Szymon"]
[Black "Butkiewicz, Jan"]
[Result "1-0"]
[BlackElo "1300"]
[WhiteElo "1026"]
[LiveChessVersion "1.4.8"]

1. b3 {[%clk 0:03:04]} d5 {[%clk 0:03:00]} 2. Bb2 {[%clk 0:03:04]} Nc6
{[%clk 0:03:01]} 3. Nf3 {[%clk 0:03:05]} Bf5 {[%clk 0:03:00]} 4. e3
{[%clk 0:03:05]} Nf6 {[%clk 0:02:58]} 5. d4 {[%clk 0:03:06]} e6 {[%clk 0:02:57]}
6. c4 {[%clk 0:03:07]} Bb4+ {[%clk 0:02:42]} 7. Nc3 {[%clk 0:02:48]} Ne4
{[%clk 0:02:26]} 8. Rc1 {[%clk 0:02:40]} Nxc3 {[%clk 0:02:03]} 9. Bxc3
{[%clk 0:02:39]} Bxc3+ {[%clk 0:02:03]} 10. Rxc3 {[%clk 0:02:40]} O-O
{[%clk 0:02:01]} 11. Bd3 {[%clk 0:02:40]} Bxd3 {[%clk 0:01:57]} 12. Qxd3
{[%clk 0:02:37]} Nb4 {[%clk 0:01:50]} 13. Qd2 {[%clk 0:02:39]} Nc6
{[%clk 0:01:44]} 14. O-O {[%clk 0:02:38]} Ne7 {[%clk 0:01:37]} 15. Rfc1
{[%clk 0:02:38]} c6 {[%clk 0:01:37]} 16. Ne5 {[%clk 0:02:36]} Ng6
{[%clk 0:01:35]} 17. cxd5 {[%clk 0:02:25]} exd5 {[%clk 0:01:26]} 18. Qe2
{[%clk 0:02:23]} Re8 {[%clk 0:01:23]} 19. Qf3 {[%clk 0:02:13]} Qf6
{[%clk 0:01:18]} 20. Qxf6 {[%clk 0:01:54]} gxf6 {[%clk 0:01:19]} 21. Re1
{[%clk 0:01:54]} f5 {[%clk 0:01:19]} 22. Rc2 {[%clk 0:01:48]} Re7
{[%clk 0:01:10]} 23. Nxg6 {[%clk 0:01:48]} hxg6 {[%clk 0:01:10]} 24. Rce2
{[%clk 0:01:43]} Rae8 {[%clk 0:01:06]} 25. f3 {[%clk 0:01:36]} Re6
{[%clk 0:01:06]} 26. Kf1 {[%clk 0:01:36]} Kg7 {[%clk 0:01:00]} 27. Kf2
{[%clk 0:01:35]} Kh6 {[%clk 0:00:46]} 28. Kg3 {[%clk 0:01:35]} g5
{[%clk 0:00:43]} 29. Kf2 {[%clk 0:00:33]} Kh5 {[%clk 0:00:36]} 30. g3
{[%clk 0:00:33]} Kg6 {[%clk 0:00:31]} 31. h3 {[%clk 0:00:34]} R6e7
{[%clk 0:00:20]} 32. g4 {[%clk 0:00:30]} fxg4 {[%clk 0:00:21]} 33. hxg4
{[%clk 0:00:31]} Rh8 {[%clk 0:00:19]} 34. Kg3 {[%clk 0:00:31]} f5
{[%clk 0:00:15]} 35. gxf5+ {[%clk 0:00:23]} Kxf5 {[%clk 0:00:16]} 36. e4+
{[%clk 0:00:25]} dxe4 {[%clk 0:00:14]} 37. Rxe4 {[%clk 0:00:20]} Rd7
{[%clk 0:00:08]} 38. Re5+ {[%clk 0:00:18]} Kf6 {[%clk 0:00:07]} 39. Re6+
{[%clk 0:00:16]} Kf7 {[%clk 0:00:08]} 40. R1e4 {[%clk 0:00:13]} Rhd8
{[%clk 0:00:08]} 41. R6e5 {[%clk 0:00:11]} Kf6 {[%clk 0:00:07]} 42. Re6+
{[%clk 0:00:11]} Kf7 {[%clk 0:00:07]} 43. R6e5 Rd5 {[%clk 0:00:05]} 44. Rxd5
{[%clk 0:00:11]} Rxd5 {[%clk 0:00:06]} 45. Kg4 {[%clk 0:00:12]} Kf6
{[%clk 0:00:07]} 46. f4 {[%clk 0:00:11]} gxf4 {[%clk 0:00:07]} 47. Kxf4
{[%clk 0:00:08]} Ra5 {[%clk 0:00:07]} 48. a4 {[%clk 0:00:09]} Rd5
{[%clk 0:00:08]} 49. Ke3 {[%clk 0:00:06]} Rh5 {[%clk 0:00:08]} 50. Kd3
{[%clk 0:00:06]} Rh3+ {[%clk 0:00:08]} 51. Kc4 {[%clk 0:00:08]} Rh5
{[%clk 0:00:08]} 52. b4 {[%clk 0:00:08]} b5+ {[%clk 0:00:08]} 53. axb5
{[%clk 0:00:08]} cxb5+ {[%clk 0:00:09]} 54. Kd3 {[%clk 0:00:04]} Rh3+
{[%clk 0:00:10]} 55. Re3 {[%clk 0:00:06]} Rh4 {[%clk 0:00:08]} 56. Re4
{[%clk 0:00:06]} Rh5 {[%clk 0:00:08]} 57. Re3 {[%clk 0:00:03]} Kf5
{[%clk 0:00:08]} 58. Re5+ {[%clk 0:00:04]} Kg6 {[%clk 0:00:09]} 59. Rxh5
{[%clk 0:00:05]} Kxh5 {[%clk 0:00:11]} 1-0

[Event "C10"]
[Site "?"]
[Date "2020.08.30"]
[Round "4.6"]
[White "Rozanski, Mateusz"]
[Black "Witczak, Borys"]
[Result "1-0"]
[BlackElo "1053"]
[WhiteElo "1343"]
[LiveChessVersion "1.4.8"]

1. e4 {[%clk 0:03:03]} c6 {[%clk 0:03:04]} 2. Nf3 {[%clk 0:03:03]} d5
{[%clk 0:03:04]} 3. Nc3 {[%clk 0:03:03]} Bg4 {[%clk 0:03:00]} 4. h3
{[%clk 0:03:03]} Bxf3 {[%clk 0:02:59]} 5. Qxf3 {[%clk 0:03:03]} e6
{[%clk 0:03:00]} 6. d3 {[%clk 0:02:49]} Bc5 {[%clk 0:02:57]} 7. Bd2
{[%clk 0:02:48]} Nd7 {[%clk 0:02:55]} 8. O-O-O {[%clk 0:02:28]} d4
{[%clk 0:02:42]} 9. Ne2 {[%clk 0:02:26]} Qb6 {[%clk 0:02:37]} 10. c3
{[%clk 0:02:11]} Ne7 {[%clk 0:02:23]} 11. cxd4 {[%clk 0:02:06]} Bxd4
{[%clk 0:02:23]} 12. Nxd4 {[%clk 0:02:06]} Qxd4 {[%clk 0:02:24]} 13. Bc3
{[%clk 0:02:07]} Qc5 {[%clk 0:02:03]} 14. d4 {[%clk 0:02:05]} Qg5+
{[%clk 0:02:03]} 15. Qe3 {[%clk 0:02:01]} Qxe3+ {[%clk 0:02:02]} 16. fxe3
{[%clk 0:02:02]} f6 {[%clk 0:02:01]} 17. Bc4 {[%clk 0:01:57]} Kf7
{[%clk 0:01:44]} 18. Rhf1 {[%clk 0:01:50]} Nb6 {[%clk 0:01:44]} 19. Bb3
{[%clk 0:01:51]} Rad8 {[%clk 0:01:33]} 20. g4 {[%clk 0:01:46]} g5
{[%clk 0:00:45]} 21. e5 {[%clk 0:01:45]} Ned5 {[%clk 0:00:38]} 22. exf6
{[%clk 0:01:43]} Nxf6 {[%clk 0:00:34]} 23. d5 {[%clk 0:01:42]} Nbxd5
{[%clk 0:00:20]} 24. Rxd5 {[%clk 0:01:41]} cxd5 {[%clk 0:00:20]} 25. Bxf6
{[%clk 0:01:37]} Rc8+ {[%clk 0:00:21]} 26. Bc2 {[%clk 0:01:21]} Rhe8
{[%clk 0:00:08]} 27. Bxg5+ {[%clk 0:01:10]} Kg8 {[%clk 0:00:08]} 28. Bh6
{[%clk 0:01:05]} Rc6 {[%clk 0:00:06]} 29. Kb1 {[%clk 0:00:57]} Rec8
{[%clk 0:00:05]} 30. Ba4 {[%clk 0:00:53]} Rc4 {[%clk 0:00:06]} 31. Bd7
{[%clk 0:00:50]} Rd8 {[%clk 0:00:04]} 32. Bxe6+ {[%clk 0:00:48]} Kh8
{[%clk 0:00:06]} 33. Bxd5 {[%clk 0:00:39]} Rc5 {[%clk 0:00:03]} 34. e4
{[%clk 0:00:38]} Rcc8 {[%clk 0:03:02]} 1-0